Missing Word: Supervillains Quiz Stats

 Plays Quiz Updated Jun 10, 2018

Challenge
Share
Tweet
Embed
Score 0/20 Timer 04:00
0 Plays Today
Supervillain Missing Word % Correct
Lex ________Luthor
91.2%
_______ DoomDoctor
82.9%
_____ SkullRed
75.9%
Green ________Goblin
73.2%
____ FaceTwo
70.9%
_______ ZodGeneral
55.5%
__________ GrundySolomon
55%
_______ MxyzptlkMister
50.6%
_______ MantaBlack
46.1%
________ ColdCaptain
42.6%
Supervillain Missing Word % Correct
_______ ZemoBaron
40.2%
Mad ________Hatter
40%
_______ FrostKiller
36.7%
Kang the __________Conqueror
34.8%
Arnim ______Zola
34.1%
_______ SamuraiSilver
33.3%
___________ ZoomProfessor
31.1%
________ SavageVandal
26.9%
Ocean ________Master
25.8%
Maxwell ______Lord
23.5%

Today's Daily Dose

Missing Word
Madam, I'm Adam

Quick Pick
Meat vs Animal

On This Day
October 21st II

You're not logged in!

Compare scores with friends on all Sporcle quizzes.
Join for Free
OR
Log In

You Might Also Like...

Show Comments

Extras

Top Quizzes Today


Score Distribution

Your Account Isn't Verified!

In order to create a playlist on Sporcle, you need to verify the email address you used during registration. Go to your Sporcle Settings to finish the process.

Report this User

Report this user for behavior that violates our Community Guidelines.

Details: